书目信息 |
| 题名: |
陶渊明研究
|
|
| 作者: | 袁行霈 著 | |
| 分册: | ||
| 出版信息: | 北京 北京大学出版社 2009.01 |
|
| 页数: | 379页 | |
| 开本: | 23cm | |
| 丛书名: | 博雅英华 | |
| 单 册: | ||
| 中图分类: | K825.6=372 | |
| 科图分类: | ||
| 主题词: | ||
| 电子资源: | ||
| ISBN: | 978-7-301-14113-7 | |
| 000 | 01004oam2 2200289 450 | |
| 001 | 010700062739 | |
| 005 | 20091208161234.23 | |
| 010 | @a978-7-301-14113-7@dCNY36.00 | |
| 100 | @a20090302d2009 em y0chiy0110 ea | |
| 101 | 0 | @achi |
| 102 | @aCN@b110000 | |
| 105 | @ay z 001yd | |
| 106 | @ar | |
| 200 | 1 | @a陶渊明研究@9tao yuan ming yan jiu@f袁行霈著 |
| 205 | @a2版@b增订本 | |
| 210 | @a北京@c北京大学出版社@d2009.01 | |
| 215 | @a379页@d23cm | |
| 225 | 2 | @a博雅英华@i袁行霈著作系列 |
| 320 | @a有索引 | |
| 330 | @a本书以陶渊明作为研究的对象,兼顾其为人与为文两个方面,作者将其作为诗人与哲人,全面考察其生平、作品以及他所处时代的政治背景、思想潮流和文艺潮流。全书将陶渊明放到一个中心点上,纵横交错地绘出一幅真实的陶渊明的影像。 | |
| 462 | 0 | @12001 @a袁行霈著作系列 |
| 600 | 0 | @a陶渊明@f365~427@x人物研究 |
| 600 | 0 | @a陶渊明@f365~427 |
| 690 | @aK825.6=372@v4 | |
| 701 | 0 | @a袁行霈@9yuan xing pei@4著 |
| 801 | 0 | @aCN@bRENTIAN@c20091208 |
| 905 | @b20794731-36@dK825.6=372@e651=2YX@f6 | |
| 陶渊明研究/袁行霈著.-2版,增订本.-北京:北京大学出版社,2009.01 |
| 379页;23cm.-(博雅英华.袁行霈著作系列) |
| ISBN 978-7-301-14113-7:CNY36.00 |
| 本书以陶渊明作为研究的对象,兼顾其为人与为文两个方面,作者将其作为诗人与哲人,全面考察其生平、作品以及他所处时代的政治背景、思想潮流和文艺潮流。全书将陶渊明放到一个中心点上,纵横交错地绘出一幅真实的陶渊明的影像。 |
| ● |
| 相关链接 |
|
|
|
|
正题名:陶渊明研究
索取号:K825.6=372/651=2YX
 
预约/预借
| 序号 | 登录号 | 条形码 | 馆藏地/架位号 | 状态 | 备注 |
| 1 | 794731 | 207947310 | 第二样本阅览室/ [索取号:K825.6=372/651=2YX] | 在馆 | |
| 2 | 794732 | 207947329 | 第二借阅区/ [索取号:K825.6=372/651=2YX] | 在馆 | |
| 3 | 794733 | 207947338 | 第二借阅区/ [索取号:K825.6=372/651=2YX] | 在馆 | |
| 4 | 794734 | 207947347 | 第二借阅区/ [索取号:K825.6=372/651=2YX] | 在馆 | |
| 5 | 794735 | 207947356 | 第二借阅区/ [索取号:K825.6=372/651=2YX] | 在馆 | |
| 6 | 794736 | 207947365 | 第二借阅区/ [索取号:K825.6=372/651=2YX] |
已借出,限还日期为2026.07.28 借出人:田云明 |